000 01015nam a2200277 i 4500
001 105635
003 ES-MaACL
005 20250605113909.0
007 t|
008 060801s1925 ag ||||1| spa d
080 _a32 Bakunin, Mijail Aleksandrovich
080 _a327.323.1(460)(091)
100 1 _aNettlau, Max.
_985422
245 1 0 _aMiguel Bakunin, la Internacional y la Alianza en EspaƱa (1868-1873) /
_c[M. Nettlau ; prefacio de Enrique Nido].
260 _aBuenos Aires :
_bLa Protesta,
_c[1925]
300 _a132 p. :
_bil. ;
_c20 cm.
490 1 _aBiblioteca de La Protesta ;
_v1
500 _aBiblioteca Juan Andrade.
600 1 4 _aBakunin, Mijail Aleksandrovich,
_d1814-1876
_9240797
610 2 _aAsociación Internacional de los Trabajadores (1864-1876)
_9171768
610 2 7 _aAlianza de la Democracia Socialista.
_91334
700 1 _aNido, Enrique.
_985615
830 0 _aBiblioteca de La Protesta ;
_v1
_9232755
852 _aES-MaACL
_jAND-447
_bR.109751
999 _c105635
_d105635